ESSENTIALS OF COMMUNITY BASED REHABILITATION (Record no. 30968)

MARC details
000 -LEADER
fixed length control field 00414nam a22001697a 4500
003 - CONTROL NUMBER IDENTIFIER
control field SGT
020 ## - INTERNATIONAL STANDARD BOOK NUMBER
International Standard Book Number 9789386261229
082 ## - DEWEY DECIMAL CLASSIFICATION NUMBER
Classification number 615.8
Item number E17N
100 ## - MAIN ENTRY--PERSONAL NAME
Personal name NAGAR, SATYA BHUSHAN
245 ## - TITLE STATEMENT
Title ESSENTIALS OF COMMUNITY BASED REHABILITATION
250 ## - EDITION STATEMENT
Edition statement 1ST
260 ## - PUBLICATION, DISTRIBUTION, ETC. (IMPRINT)
Place of publication, distribution, etc INDIA
Name of publisher, distributor, etc JAYPEE PUB
Year of Publication 2017
300 ## - PAGE DESCRIPTION
No. of Pages 442
650 ## - SUBJECT ADDED ENTRY--TOPICAL TERM
Topical term or geographic name as entry element PHYSIOTHERAPY
653 ## - KEYWORDS--INDEX TERM
Keyword term COMMUNITY BASED REHABILITATION
942 ## - ADDED ENTRY ELEMENTS (KOHA)
Source of classification or shelving scheme Dewey Decimal Classification
Koha item type Books
Holdings
Withdrawn status Lost status Source of classification or shelving scheme Damaged status Not for loan Collection code Home library Current library Shelving location Date acquired Vendor Name Cost, normal purchase price SGTU Bill Number Full call number Accession No. (Barcode) Date last seen Bill Date Koha item type Total Checkouts Date last borrowed
    Dewey Decimal Classification   Not For Loan MEDICAL SGT Medical Library SGT Medical Library Text Book 23/03/2025 ABC DELHI 950.00 SGTU 20801 615.8 E17N FM15209 24/04/2025 23/03/2025 Books    
    Dewey Decimal Classification     MEDICAL SGT Medical Library SGT Medical Library Text Book 23/03/2025 ABC DELHI 950.00 SGTU 20801 615.8 E17N FM15210 23/03/2026 23/03/2025 Books 2 11/09/2025
    Dewey Decimal Classification   Not For Loan MEDICAL SGT Medical Library SGT Medical Library Text Book 23/03/2025 ABC DELHI 950.00 SGTU 20801 615.8 E17N FM15208 24/04/2025 23/03/2025 Books